| 000 | 00617nam a2200217 4500 | ||
|---|---|---|---|
| 001 | 109384 | ||
| 003 | ES-MaACL | ||
| 005 | 20230906184831.0 | ||
| 007 | t| | ||
| 008 | 061121s1963 sp r ||||1| spa d | ||
| 080 | _a396(04) | ||
| 245 | 0 | 3 | _aLa mujer en la nueva sociedad. |
| 260 |
_aMadrid : _bEdiciones del Movimiento, _c1963. |
||
| 300 |
_a118 p. ; _c22 cm. |
||
| 490 | 1 | _aNuevo horizonte | |
| 650 | 4 |
_aMujeres- _zEspaña- _xSituación social- _y1939-1975. _9167832 |
|
| 710 | 2 |
_aEdiciones del Movimiento. _9171800 |
|
| 830 | 1 |
_aNuevo horizonte _9181183 |
|
| 852 | 4 |
_aES-MaACL _jC-25009 |
|
| 999 |
_c109384 _d109384 |
||